Statistics for Countries By Landmark - With Pictures

Click here to take the quiz!

General Stats

  • This quiz has been taken 40 times
  • The average score is 28 of 48

Answer Stats

Answer% Correct
Australia (Sydney Opera House)
100%
France (Eiffel Tower)
100%
Italy (Colosseum)
100%
Brazil (Christ The Redeemer)
97%
China (Great Wall of China)
97%
Russia (St. Basil's Cathedral)
97%
United Kingdom (Big Ben)
97%
Egypt (Sphinx)
95%
United States (Mount Rushmore)
95%
India (Taj Mahal)
92%
Japan (Mount Fuji)
92%
Germany (Neuschwanstein Castle)
89%
Mexico (Chichen Itza)
87%
Greece (Acropolis)
84%
Peru (Machu Picchu)
84%
Spain (La Sagrada Familia)
84%
Saudi Arabia (Caaba)
82%
Chile (Easter Island)
79%
Thailand (Wat Arun)
74%
United Arab Emirates (Burj Khalifa)
74%
Cambodia (Angkor Wat)
71%
Jordan (Petra)
71%
Israel (The Wailing Wall)
66%
Malaysia (Petronas Towers)
63%
Turkey (Hagia Sophia)
61%
Venezuela (Angel Falls)
55%
Cuba (El Capitolio)
53%
Guatemala (Tikal)
50%
Ireland (Cashel Castle)
50%
South Korea (Gyeongbokgung)
50%
Ukraine (St. Michael's Golden Domed Monastery)
50%
Indonesia (Prambanan)
37%
Hungary (Buda Castle)
32%
Bolivia (Salar de Uyuni Salt Desert)
29%
Iran (Azadi Tower)
29%
Tanzania (Mount Kilimanjaro)
29%
Argentina (Glaciar Perito Moreno Walkway)
26%
Bulgaria (Aleksander Nevsky Cathedral)
24%
Canada (Château Frontenac)
24%
Romania (Bran Castle)
24%
Poland (Malbork Castle)
18%
Austria (St. Stephen's Cathedral)
16%
Serbia (Church of Saint Sava)
13%
Morocco (Hassan Mosque)
11%
Portugal (Park and National Palace of Pena)
11%
Uruguay (Palacio Salvo)
11%
Costa Rica (Arenal Volcano)
8%
South Africa (Voortrekker Monument)
5%

Score Distribution

Percentile by Number Answered

Percent of People with Each Score

Your Score History

You have not taken this quiz